Rekordziści skoczni w PŚ - Statystyki

Ogólne statystyki
  • Ten quiz został rozwiązany 70 razy
  • Średni wynik to 10 z 15
Statystyki odpowiedzi
Skocznia Rekordzista % Poprawnych
Sapporo Kamil Stoch
100%
Ruka Stefan Kraft / Ryōyū Kobayashi / Karl Geiger
97%
Rasnov Gregor Schlierenzauer / Constantin Schmid / Stefan Kraft
92%
Wisła Stefan Kraft
92%
Ga-Pa Dawid Kubacki
87%
Bischofshofen Dawid Kubacki
87%
Engelberg Domen Prevc / Ryōyū Kobayashi
87%
Titisee-Neustadt Domen Prevc
75%
Zakopane Yukiya Sato
62%
Willingen Klemens Murańka
53%
Niżny Tagil Robert Johansson
50%
Lahti Johan Andre Forfang
48%
Innsbruck Michael Hayböck
38%
Oberstdorf Sigurd Pettersen
37%
Klingenthal Michael Uhrmann
20%
Nie znaleziono quizów pasujących do podanych kryteriów
Rozkład punktacji
Procent ludzi z każdym wynikiem
Percentyl według liczby udzielonych odpowiedzi
Twoja historia wyników
Nie rozwiązałeś tego quizu